| 000 | 00573nam a2200193 a 4500 | ||
|---|---|---|---|
| 001 | 4716495 | ||
| 005 | 20250612130818.0 | ||
| 008 | 840927s1984 ilua b 001 0 eng | ||
| 020 | _a0882073001 (pbk.) | ||
| 050 | 0 | 0 |
_aBS538.3 _b.H34 1984 |
| 082 | 0 | 0 |
_a220/.07 _219 |
| 100 | 1 |
_aHall, Terry, _d1941- |
|
| 245 | 1 | 0 |
_aGetting more from your Bible / _cTerry Hall. |
| 260 |
_aWheaton, Ill. : _bVictor Books, _cc1984. |
||
| 300 |
_a215 p. : _bill. ; _c21 cm. |
||
| 500 | _a"A Victor adult elective/13 sessions"--P. 4 of cover. | ||
| 500 | _aIncludes index. | ||
| 942 |
_2lcc _cBK _n0 |
||
| 999 |
_c6428 _d6428 |
||